000 00325nam a22001457a 4500
003 OSt
008 250129b |||||||| |||| 00| 0 eng d
020 _a9789390260836
100 _aSUBRAMANIAN,Krishnamurthy
245 _aINDIA@100
250 _a1ST
260 _aNew Delhi
_bRupa
_c2024
300 _a497
942 _2ddc
_cBK
999 _c13042
_d13042